| 000 | 01105cam a22003258a 4500 | ||
|---|---|---|---|
| 001 | 102989 | ||
| 005 | 20230410130745.0 | ||
| 008 | 030327s2003 nyua 000 f eng | ||
| 035 | _a(OCoLC)ocm52145737 | ||
| 040 |
_aUKM _cUKM _dOCLCQ _dBAKER _dAZZPT |
||
| 015 | _aGBA3-X6255 | ||
| 020 | _a014200300X | ||
| 020 | _a9780142003008 | ||
| 035 | _a(OCoLC)52145737 | ||
| 050 | 1 | 4 |
_aPN 6727 _bR896m 2003 |
| 082 | 0 | 0 | _a741.59485 |
| 049 | _aGRAL | ||
| 100 | 1 |
_aRubin Dranger, Joanna, _d1970-. |
|
| 245 | 1 | 0 |
_aMiss Remarkable & her career / _cJoanna Rubin Dranger ; translated by Maura Tavares. |
| 260 |
_aNew York : _bPenguin ; _aLondon : _bTurnaround, _c2003. |
||
| 300 |
_a224 p. : _bill. |
||
| 650 | 0 |
_aComic books, strips, etc. _zScandinavia. |
|
| 650 | 4 |
_aTiras cómicas, historietas, etc. _zEscandinavia. |
|
| 650 | 4 |
_aCaricaturistas _zEscandinavia.. |
|
| 650 | 4 |
_aHumorismo gráfico _xTécnicas _zEscandinavia. |
|
| 938 |
_aBaker & Taylor _bBKTY _c13.00 _d9.75 _i014200300X _n0004139171 _sactive _zB&T Title: Miss Remarkable and Her Career |
||
| 942 |
_2lcc _cbk |
||
| 994 |
_aC0 _bDRFGD |
||
| 946 | _anc | ||
| 999 |
_c79848 _d79848 |
||